| 000 | 00892nam a2200229Ia 4500 | ||
|---|---|---|---|
| 999 |
_c52530 _d52530 |
||
| 001 | 19554 | ||
| 003 | GE_BSU | ||
| 005 | 20200304232135.0 | ||
| 008 | 181216s1978||||ge |||||||||||||| ||geo|| | ||
| 040 | _cGE_BSU | ||
| 041 | _ageo | ||
| 080 | _a81(479.22)(092) შ-25 | ||
| 100 |
_aშარაძენიძე, თინათინ _97688 |
||
| 245 |
_aარნოლდ ჩიქობავა / _cთინათინ შარაძენიძე ; რედ. ვ. ძიძიგური. |
||
| 250 | _aმე-2 შევს. გამოცემა | ||
| 264 |
_aთბილისი : _bმეცნიერება, _c1978. |
||
| 300 |
_a82 გვ.: _b1 ფ. პორტრ. ; _c 21 სმ. |
||
| 541 | _h4ლ. | ||
| 653 | _aენათმეცნიერება | ||
| 700 |
_aძიძიგური, ვ. _eრედაქტორი _93813 |
||
| 942 |
_cBK _2udc |
||